000 00372nam a2200133Ia 4500
008 151001s9999||||xx |||||||||||||| ||und||
100 _aअरुणकुमार मुखेडकर
245 _aपोलीस अन्वेषण
250 _a1
260 _bनाशिक लॉ हाऊस
260 _c2005
300 _a338
365 _b21
999 _c989346
_d989343